LIBRARY & INFORMATION CENTRE, KCAET, TAVANUR

ONLINE PUBLIC ACCESS CATALOGUE (OPAC)

Irrigation theory and practice (Record no. 13763)

MARC details
000 -LEADER
fixed length control field 00280nam a22001097a 4500
020 ## - INTERNATIONAL STANDARD BOOK NUMBER
ISBN 9788126136568
082 ## - DEWEY DECIMAL CLASSIFICATION NUMBER
Classification number 631.587
Item number CHO/IR
100 ## - MAIN ENTRY--AUTHOR NAME
Personal name Choudhary, Dewasish
245 ## - TITLE STATEMENT
Title Irrigation theory and practice
260 ## - PUBLICATION, DISTRIBUTION, ETC. (IMPRINT)
Place of publication New Delhi
Name of publisher Anmol Publications Pvt. Ltd
Year of publication 2008
942 ## - ADDED ENTRY ELEMENTS (KOHA)
Koha item type Books
Holdings
Withdrawn status Lost status Damaged status Collection code Home library Current library Shelving location Date acquired Source of acquisition Cost, normal purchase price Full call number Accession Number Koha item type
      Non-fiction KAUAET KAUAET General Stacks 31/03/2012 Penta Book Distributors, Calicut 1200.00 631.587 CHO/IR 22631 Books
      Non-fiction KAUAET KAUAET General Stacks 31/03/2012 Penta Book Distributors, Calicut 1200.00 631.587 CHO/IR 22632 Books
free website counter